<?xml version="1.0" encoding="UTF-8"?>
<collection xmlns="http://www.loc.gov/MARC21/slim">
 <record>
  <leader>01581cam a2200373  c4500</leader>
  <controlfield tag="001">1093446447</controlfield>
  <controlfield tag="003">DE-627</controlfield>
  <controlfield tag="005">20240328184741.0</controlfield>
  <controlfield tag="007">tu</controlfield>
  <controlfield tag="008">910304s1978    xx |||||      00| ||eng c</controlfield>
  <datafield tag="020" ind1=" " ind2=" ">
   <subfield code="a">0521216923</subfield>
   <subfield code="9">0-521-21692-3</subfield>
  </datafield>
  <datafield tag="035" ind1=" " ind2=" ">
   <subfield code="a">(DE-627)1093446447</subfield>
  </datafield>
  <datafield tag="035" ind1=" " ind2=" ">
   <subfield code="a">(DE-576)023446447</subfield>
  </datafield>
  <datafield tag="035" ind1=" " ind2=" ">
   <subfield code="a">(DE-599)BSZ023446447</subfield>
  </datafield>
  <datafield tag="035" ind1=" " ind2=" ">
   <subfield code="a">(OCoLC)311329683</subfield>
  </datafield>
  <datafield tag="040" ind1=" " ind2=" ">
   <subfield code="a">DE-627</subfield>
   <subfield code="b">ger</subfield>
   <subfield code="c">DE-627</subfield>
   <subfield code="e">rakwb</subfield>
  </datafield>
  <datafield tag="041" ind1=" " ind2=" ">
   <subfield code="a">eng</subfield>
  </datafield>
  <datafield tag="084" ind1=" " ind2=" ">
   <subfield code="a">9,10</subfield>
   <subfield code="2">ssgn</subfield>
  </datafield>
  <datafield tag="084" ind1=" " ind2=" ">
   <subfield code="a">ZH 4930</subfield>
   <subfield code="2">rvk</subfield>
   <subfield code="0">(DE-625)rvk/156167:1581</subfield>
  </datafield>
  <datafield tag="100" ind1="1" ind2=" ">
   <subfield code="a">Taylor, Harold M.</subfield>
   <subfield code="0">(DE-627)123397307X</subfield>
   <subfield code="0">(DE-576)163973075</subfield>
   <subfield code="4">aut</subfield>
  </datafield>
  <datafield tag="245" ind1="1" ind2="0">
   <subfield code="a">Anglo-Saxon architecture</subfield>
   <subfield code="n">3</subfield>
   <subfield code="c">by H. M. Taylor and Joan Taylor</subfield>
  </datafield>
  <datafield tag="264" ind1=" " ind2="1">
   <subfield code="a">Cambridge</subfield>
   <subfield code="b">Cambridge Univ. Pr.</subfield>
   <subfield code="c">1978</subfield>
  </datafield>
  <datafield tag="300" ind1=" " ind2=" ">
   <subfield code="a">XX, S. 735 - 1118</subfield>
   <subfield code="b">Ill., graph. Darst., Kt.</subfield>
  </datafield>
  <datafield tag="336" ind1=" " ind2=" ">
   <subfield code="a">Text</subfield>
   <subfield code="b">txt</subfield>
   <subfield code="2">rdacontent</subfield>
  </datafield>
  <datafield tag="337" ind1=" " ind2=" ">
   <subfield code="a">ohne Hilfsmittel zu benutzen</subfield>
   <subfield code="b">n</subfield>
   <subfield code="2">rdamedia</subfield>
  </datafield>
  <datafield tag="338" ind1=" " ind2=" ">
   <subfield code="a">Band</subfield>
   <subfield code="b">nc</subfield>
   <subfield code="2">rdacarrier</subfield>
  </datafield>
  <datafield tag="583" ind1="1" ind2=" ">
   <subfield code="a">Archivierung/Langzeitarchivierung gewährleistet</subfield>
   <subfield code="f">SSG</subfield>
   <subfield code="x">XA-DE-BW</subfield>
   <subfield code="2">pdager</subfield>
   <subfield code="5">DE-16</subfield>
  </datafield>
  <datafield tag="700" ind1="1" ind2=" ">
   <subfield code="a">Taylor, Joan</subfield>
   <subfield code="4">aut</subfield>
  </datafield>
  <datafield tag="773" ind1="1" ind2="8">
   <subfield code="w">(DE-627)1081769475</subfield>
   <subfield code="w">(DE-576)011769475</subfield>
   <subfield code="g">3</subfield>
   <subfield code="q">3</subfield>
   <subfield code="7">nnnm</subfield>
  </datafield>
  <datafield tag="787" ind1="0" ind2="8">
   <subfield code="i">Rezensiert in</subfield>
   <subfield code="a">Kubach, Hans Erich, 1909 - 1999</subfield>
   <subfield code="t">[Rezension von: Harold M. Taylor, Anglo-Saxon Architecture, Vol. 3]</subfield>
   <subfield code="d">1979</subfield>
   <subfield code="w">(DE-627)185182507X</subfield>
  </datafield>
  <datafield tag="936" ind1="r" ind2="v">
   <subfield code="a">ZH 4930</subfield>
   <subfield code="b">Großbritannien und Nordirland</subfield>
   <subfield code="k">Technik</subfield>
   <subfield code="k">Architektur</subfield>
   <subfield code="k">Baugeschichte</subfield>
   <subfield code="k">Architektur nach Ländern</subfield>
   <subfield code="k">Europa</subfield>
   <subfield code="k">Westeuropa</subfield>
   <subfield code="k">Großbritannien und Nordirland</subfield>
   <subfield code="0">(DE-627)1271629135</subfield>
   <subfield code="0">(DE-625)rvk/156167:1581</subfield>
   <subfield code="0">(DE-576)201629135</subfield>
  </datafield>
  <datafield tag="951" ind1=" " ind2=" ">
   <subfield code="a">MV</subfield>
  </datafield>
  <datafield tag="991" ind1=" " ind2=" ">
   <subfield code="a">Rezensiertes Werk</subfield>
  </datafield>
  <datafield tag="999" ind1=" " ind2=" ">
   <subfield code="a">KXP-PPN1093446447</subfield>
   <subfield code="e">4370384192</subfield>
  </datafield>
 </record>
</collection>
